Cocrear un nuevo pacto social para las empresas (Registro nro. 10809)

Detalles MARC
000 -LEADER
fixed length control field 00380 a2200121 4500
001 - CONTROL NUMBER
control field ART_10213
005 - DATE AND TIME OF LATEST TRANSACTION
control field 20260410161613.0
008 - FIXED-LENGTH DATA ELEMENTS--GENERAL INFORMATION
fixed length control field 260409a
100 1# - MAIN ENTRY--PERSONAL NAME
Personal name Brugmann, Jeb
245 10 - TITLE STATEMENT
Title Cocrear un nuevo pacto social para las empresas
700 1# - ADDED ENTRY--PERSONAL NAME
Personal name Prahalad, C. K.
773 0# - HOST ITEM ENTRY
Title Harvard Business Review
Related parts Iconos mundiales - Vol. 85, Nº 8 (Ago. 2007)
Record control number REV340

No hay ítems disponibles.